US State's Most Populous City - Statistics

General Stats
  • This quiz has been taken 31 times
  • The average score is 42 of 50
Answers on the Map
Answers color-coded by a green-red scale on the quiz's map according to % correct below.
 
Answer Stats
Answer % Correct
Chicago
100%
Houston
100%
Los Angeles
100%
Atlanta
97%
Denver
97%
Honolulu
97%
New Orleans
97%
Phoenix
97%
Seattle
97%
Boston
93%
Detroit
93%
Oklahoma City
93%
Philadelphia
93%
Anchorage
90%
Indianapolis
90%
Jackson
90%
Jacksonville
90%
Kansas City
90%
Las Vegas
90%
Nashville
90%
New York City
90%
Portland
90%
Portland
90%
Salt Lake City
90%
Baltimore
87%
Charlotte
87%
Little Rock
87%
Boise
83%
Charleston
83%
Charleston
83%
Columbus
83%
Des Moines
83%
Louisville
83%
Milwaukee
83%
Omaha
83%
Wichita
83%
Minneapolis
80%
Newark
80%
Albuquerque
77%
Providence
77%
Cheyenne
73%
Billings
70%
Sioux Falls
70%
Virginia Beach
70%
Burlington
67%
Huntsville
67%
Wilmington
67%
Bridgeport
63%
Fargo
63%
Manchester
57%
No matching quizzes found
Score Distribution
Percent of People with Each Score
Percentile by Number Answered
Your Score History
You have not taken this quiz